| 000 | nam a22 7a 4500 | ||
|---|---|---|---|
| 999 |
_c20348 _d20348 |
||
| 008 | 170119b xxu||||| |||| 00| 0 eng d | ||
| 020 | _a1269267833 | ||
| 020 | _a9781269267830 | ||
| 050 | _aHA 29 .K87 2014 | ||
| 245 | _aPearson custom business resoures/ | ||
| 260 |
_aBoston : _bPearson, _c2014. |
||
| 300 |
_aiv, 868p.: _bcol. ill. ; _c28 cm. |
||
| 650 | _aBusiness | ||
| 942 |
_2lcc _cBOOKS _hHA 29 .K87 2014 |
||